000 00287 a2200145 4500
001 175467
020 _a85-7479-370-1
040 _cMagnum
240 1 0 _aO corpo humano
_lpor
245 1 0 _aO corpo humano
300 _a27
362 0 _a2001
697 _aCIÊNCIAS PURAS
942 _cBK
999 _c175467
_d175467